| 000 | 00538nam a22001457a 4500 | ||
|---|---|---|---|
| 005 | 20171125111839.0 | ||
| 008 | 171125b xxu||||| |||| 00| 0 eng d | ||
| 020 | _a9781350009868 | ||
| 040 | _cPK-LaUMT | ||
| 082 |
_a712.09 _bCUL- |
||
| 245 |
_aA cultural history of gardens : _bV.1: in antiquity; V.2:in the medieval age; V.3: in the renaissance; V.4:in the age of enlightenment; V.5: in the age of empire; V.6: in the modern age _cedited by Kathryn Gleason |
||
| 260 |
_aLondon : _bBloomsbury, _c2016 |
||
| 300 | _a6 vols. | ||
| 942 | _cBK | ||
| 999 |
_c100289 _d100289 |
||